书目信息 |
| 题名: |
名人格言
|
|
| 作者: | 谢德铣 编 | |
| 分册: | ||
| 出版信息: | 太原 山西人民出版社 1984 |
|
| 页数: | 258页 | |
| 开本: | 19cm | |
| 丛书名: | ||
| 单 册: | ||
| 中图分类: | H033 | |
| 科图分类: | ||
| 主题词: | 语义学 , 词汇学 | |
| 电子资源: | ||
| ISBN: | ||
| 000 | 00638nam0 2200265 45 | |
| 001 | 0182008404 | |
| 005 | 20040424095425.3 | |
| 010 | @dCNY0.65 | |
| 091 | @a3088.293 | |
| 100 | @a19950502e1984 em y0chiy0121 ea | |
| 101 | 0 | @achi |
| 102 | @aCN@b140000 | |
| 105 | @ay z 000yy | |
| 106 | @ar | |
| 200 | 10 | @a名人格言@Aming ren ge yan@f谢德铣编 |
| 205 | @a2版 | |
| 210 | @a太原@c山西人民出版社@d1984 | |
| 215 | @a258页@d19cm | |
| 606 | 0 | @a语义学 |
| 606 | 0 | @a词汇学 |
| 690 | @aH033 | |
| 701 | 0 | @a谢德铣@Axie de xi@4编 |
| 801 | 0 | @aCN@b上海图书馆@c20040424 |
| 801 | 2 | @aCN@bNLC@c20040424 |
| 905 | @f3@b175428-430@dH033@e17 | |
| 名人格言/谢德铣编.-2版.-太原:山西人民出版社,1984 |
| 258页;19cm |
| ISBN :CNY0.65 |
| ● |
| 相关链接 |
|
|
|
|
正题名:名人格言
索取号:H033/17
 
预约/预借
| 序号 | 登录号 | 条形码 | 馆藏地/架位号 | 状态 | 备注 |
| 1 | 0175428 | 000820696 | 第四借阅区/ [索取号:H033/17] | 在馆 | |
| 2 | 0175429 | 000820687 | 第四借阅区/ [索取号:H033/17] | 在馆 | |
| 3 | 0175430 | 000820669 | 第四借阅区/ [索取号:H033/17] | 在馆 | |
| 4 | 0175431 | 000820678 | 第二样本阅览室/ [索取号:H033/17] | 在馆 |